|
|
|
|
| LEADER |
00000cas a2200000 a 4500 |
| 001 |
vtls011508693 |
| 003 |
SK-MaSNL |
| 005 |
20260228164321.0 |
| 008 |
160229d19901990xo mr p 001 b0slo |
| 040 |
|
|
|a SVKPO
|b slo
|c SVKPO
|d SNK
|e AACR2
|
| 041 |
0 |
|
|a slo
|
| 044 |
|
|
|a xo
|c SK
|
| 072 |
|
7 |
|a 379.8
|x Voľný čas. Prázdniny
|2 konspekt
|
| 072 |
|
7 |
|a 37
|x Výchova a vzdelávanie
|2 konspekt
|
| 072 |
|
7 |
|a 796
|x Šport. Hry. Telesné cvičenia
|2 konspekt
|
| 080 |
|
|
|a 379.8
|2 2011
|
| 080 |
|
|
|a 796.5
|2 2011
|
| 080 |
|
|
|a 796.54
|2 2011
|
| 080 |
|
|
|a 050
|2 2011
|
| 245 |
0 |
0 |
|a Skaut
|
| 260 |
|
|
|a Košice
|b Okresná rada Slovenského skautingu
|c 1990
|
| 300 |
|
|
|a 1 zv.
|c 29 cm
|
| 310 |
|
|
|a 1x mesačne
|
| 362 |
0 |
|
|a Roč. I, (apr. 1990)-roč. I, č. 8-9 (1990)
|
| 500 |
|
|
|a Podnázov v tiráži: skautský informačný mesačník
|
| 500 |
|
|
|a Podnázov od č. 4/1990 : časopis slovenského skautingu
|
| 650 |
0 |
7 |
|a skauting
|2 SNKPH
|9 3238
|
| 650 |
0 |
7 |
|a táborenie
|2 SNKPH
|9 3261
|
| 655 |
|
7 |
|a špecializované časopisy
|2 SNKPH
|9 70509
|
| 910 |
|
|
|a snk
|
| 958 |
|
|
|a OND
|
| 999 |
|
|
|c 13136
|d 15066
|
| 952 |
|
|
|0 0
|1 0
|4 0
|7 0
|a SNK
|b SNK
|d 2016-06-29
|i snkČSP 421/2003
|l 0
|o snkČSB 6174/1/1990
|p 17A1030384
|r 2026-02-21 21:47:29
|t č. 1-9
|w 2026-02-21
|y PREZ
|